000 00596nam a2200193Ia 4500
003 LDD
008 190117s9999 xx 000 0 und d
020 _c₹1600
040 _cLDD
041 _ahi
082 _a8H3.7 प्रे59222मा
100 _aप्रेमचंद
245 0 _aमानसरोवर
_cप्रेमचंद
260 _aजयपुर
_bपुस्तक संसार
_c2001
300 _a8 भाग
901 _aVANI
904 _aReqst by : Parakh, Jawarimal (Dr.)
942 _2ddc
_cH
999 _c164176
_d164176